Objectives in soil and water conservation engineering (Record no. 15700)
[ view plain ]
| 000 -LEADER | |
|---|---|
| fixed length control field | 00426nam a22001577a 4500 |
| 003 - CONTROL NUMBER IDENTIFIER | |
| control field | OSt |
| 008 - FIXED-LENGTH DATA ELEMENTS--GENERAL INFORMATION | |
| fixed length control field | 190531b ||||| |||| 00| 0 eng d |
| 020 ## - INTERNATIONAL STANDARD BOOK NUMBER | |
| ISBN | 9788193427620 |
| 082 ## - DEWEY DECIMAL CLASSIFICATION NUMBER | |
| Classification number | 631.45 |
| Item number | PAW/OB |
| 100 ## - MAIN ENTRY--AUTHOR NAME | |
| Personal name | Pawan Jeet |
| 100 ## - MAIN ENTRY--AUTHOR NAME | |
| Personal name | Prem K Sundaram |
| 245 ## - TITLE STATEMENT | |
| Title | Objectives in soil and water conservation engineering |
| 260 ## - PUBLICATION, DISTRIBUTION, ETC. (IMPRINT) | |
| Place of publication | New Delhi |
| Name of publisher | New Vishal publications |
| Year of publication | 2017 |
| 300 ## - PHYSICAL DESCRIPTION | |
| Number of Pages | 296 p. |
| 942 ## - ADDED ENTRY ELEMENTS (KOHA) | |
| Koha item type | Book Bank scheme for SC students |
| Withdrawn status | Lost status | Damaged status | Collection code | Home library | Current library | Shelving location | Date acquired | Full call number | Accession Number | Koha item type | Cost, normal purchase price |
|---|---|---|---|---|---|---|---|---|---|---|---|
| Non-fiction | KAUAET | KAUAET | Scheme | 31/05/2019 | 631.45 PAW/OB | BB 517 | Book Bank scheme for SC students | ||||
| Non-fiction | KAUAET | KAUAET | Scheme | 03/06/2019 | 631.45 PAW/OB | BB 518 | Book Bank scheme for SC students | 220.00 |
